Eastern Utah Libraries Catalog: Duchesne, Heber, Roosevelt, & Vernal

127 hours (Record no. 75757)

MARC details
000 -LEADER
fixed length control field 04313cgm a2200805Ia 4500
001 - CONTROL NUMBER
control field ocn699525193
003 - CONTROL NUMBER IDENTIFIER
control field OCoLC
005 - DATE AND TIME OF LATEST TRANSACTION
control field 20241220130512.0
008 - FIXED-LENGTH DATA ELEMENTS--GENERAL INFORMATION
fixed length control field 110131s2011 cau094 vleng d
007 - PHYSICAL DESCRIPTION FIXED FIELD--GENERAL INFORMATION
fixed length control field vd cvaizq
040 ## - CATALOGING SOURCE
Original cataloging agency TEFMT
Transcribing agency TEFMT
Modifying agency TEF
-- LPU
-- TEF
-- TEFMT
-- IMD
-- UINTA
019 ## -
-- 698398798
024 1# - OTHER STANDARD IDENTIFIER
Standard number or code 024543736325
028 42 - PUBLISHER NUMBER
Publisher number 2273632
Source 20th Century Fox
035 ## - SYSTEM CONTROL NUMBER
System control number (OCoLC)699525193
Canceled/invalid control number (OCoLC)698398798
037 ## - SOURCE OF ACQUISITION
Source of stock number/acquisition Midwest Tape
Note http://www.midwesttapes.com
041 1# - LANGUAGE CODE
Language code of text/sound track or separate title eng
-- fre
-- spa
-- eng
-- fre
-- spa
Language code of original and/or intermediate translations of text eng
050 14 - LIBRARY OF CONGRESS CALL NUMBER
Classification number PN1997.2
Item number A52 2011
082 04 - DEWEY DECIMAL CLASSIFICATION NUMBER
Classification number 791.43/72
Edition number 22
049 ## - LOCAL HOLDINGS (OCLC)
Holding library UCLB
092 ## - LOCALLY ASSIGNED DEWEY CALL NUMBER (OCLC)
Classification number 791.437
245 00 - TITLE STATEMENT
Title 127 hours
Medium [videorecording] /
Statement of responsibility, etc Fox Searchlight Pictures and Pathé present in association with Everest Entertainment a Cloud Eight, Decibel Films, Darlow Smithson production ; a Danny Boyle film ; produced by Christian Colson, Danny Boyle, John Smithson ; screenplay by Danny Boyle and Simon Beaufoy ; directed by Danny Boyle.
246 3# - VARYING FORM OF TITLE
Title proper/short title One hundred twenty-seven hours
260 ## - PUBLICATION, DISTRIBUTION, ETC. (IMPRINT)
Place of publication, distribution, etc Beverly Hills, Calif. :
Name of publisher, distributor, etc 20th Century Fox,
Date of publication, distribution, etc c2011.
300 ## - PHYSICAL DESCRIPTION
Extent 1 videodisc (94 min.) :
Other physical details sd., col. ;
Dimensions 4 3/4 in.
538 ## - SYSTEM DETAILS NOTE
System details note DVD; NTSC, region 1; widescreen (1.85:1).
546 ## - LANGUAGE NOTE
Language note Closed-captioned.
546 ## - LANGUAGE NOTE
Language note Dubbed: English (5.1 Dolby digital), French (Dolby surround) or Spanish (Dolby surround) dialogue; French or Spanish subtitles; English subtitles for the deaf and hard of hearing.
511 1# - PARTICIPANT OR PERFORMER NOTE
Participant or performer note James Franco, Amber Tamblyn, Kate Mara, Clémence Poésy, Kate Burton, Lizzy Caplan, Treat Williams.
508 ## - CREATION/PRODUCTION CREDITS NOTE
Creation/production credits note Directors of photography, Anthony Dod Mantle, Enrique Chediak ; editor, Jon Harris ; original music, A.R. Rahman.
500 ## - GENERAL NOTE
General note Based on the autobiography "Between a rock and a hard place" by Aron Ralston.
500 ## - GENERAL NOTE
General note Videodisc release of the 2010 motion picture.
500 ## - GENERAL NOTE
General note Release date: Mar. 1, 2011.
521 8# - TARGET AUDIENCE NOTE
Target audience note Rating: R; for language and some disturbing violent content/bloody images.
520 ## - SUMMARY, ETC.
Summary, etc The powerfully uplifting true story of one man's struggle to survive against mountainous odds. Aron Ralston has a passion for all things outdoors. But when a falling boulder traps him in a remote Utah canyon, a thrill-seeker's adventure becomes the challenge of a lifetime. Over the next five days, Ralston embarks on a remarkable personal journey in which he relies on the memories of family and friends as well as his own courage and ingenuity to turn adversity into triumph!
500 ## - GENERAL NOTE
General note Special features: commentary ; deleted scenes.
586 ## - AWARDS NOTE
Awards note 6 Academy Award Nominations; 8 BAFTA Award Nominations; 3 Independent Spirit Award Nominations.
600 10 - SUBJECT ADDED ENTRY--PERSONAL NAME
Personal name Ralston, Aron
Form subdivision Drama.
9 (RLIN) 6219330
650 #0 - SUBJECT ADDED ENTRY--TOPICAL TERM
Topical term or geographic name as entry element Rock climbing accidents
Geographic subdivision Utah
-- Canyonlands National Park
Form subdivision Drama.
9 (RLIN) 6513415
650 #0 - SUBJECT ADDED ENTRY--TOPICAL TERM
Topical term or geographic name as entry element Mountaineering accidents
Geographic subdivision Utah
-- Canyonlands National Park
Form subdivision Drama.
9 (RLIN) 6513416
650 #0 - SUBJECT ADDED ENTRY--TOPICAL TERM
Topical term or geographic name as entry element Survival after airplane accidents, shipwrecks, etc.
Geographic subdivision Utah
-- Canyonlands National Park
Form subdivision Drama.
9 (RLIN) 6513417
650 #0 - SUBJECT ADDED ENTRY--TOPICAL TERM
Topical term or geographic name as entry element Mountaineers
Geographic subdivision United States
Form subdivision Drama.
9 (RLIN) 6513418
655 #0 - INDEX TERM--GENRE/FORM
Genre/form data or focus term Feature films.
9 (RLIN) 6219335
655 #0 - INDEX TERM--GENRE/FORM
Genre/form data or focus term Fiction films.
9 (RLIN) 6219336
655 #0 - INDEX TERM--GENRE/FORM
Genre/form data or focus term Survival films.
9 (RLIN) 5746792
655 #0 - INDEX TERM--GENRE/FORM
Genre/form data or focus term Video recordings for the hearing impaired.
9 (RLIN) 6219337
700 1# - ADDED ENTRY--PERSONAL NAME
Personal name Boyle, Danny.
Relator code drt
-- pro
-- aus
9 (RLIN) 64189
700 1# - ADDED ENTRY--PERSONAL NAME
Personal name Colson, Christian.
Relator code pro
9 (RLIN) 5849824
700 1# - ADDED ENTRY--PERSONAL NAME
Personal name Smithson, John.
Relator code pro
9 (RLIN) 5840351
700 1# - ADDED ENTRY--PERSONAL NAME
Personal name Beaufoy, Simon.
Relator code aus
9 (RLIN) 5849825
700 1# - ADDED ENTRY--PERSONAL NAME
Personal name Franco, James,
Dates associated with a name 1978-
Relator code act
9 (RLIN) 77108
700 1# - ADDED ENTRY--PERSONAL NAME
Personal name Tamblyn, Amber.
Relator code act
9 (RLIN) 53868
700 1# - ADDED ENTRY--PERSONAL NAME
Personal name Mara, Kate,
Dates associated with a name 1983-
Relator code act
9 (RLIN) 56476
700 1# - ADDED ENTRY--PERSONAL NAME
Personal name Poésy, Clémence.
Relator code act
9 (RLIN) 78378
700 1# - ADDED ENTRY--PERSONAL NAME
Personal name Burton, Kate.
Relator code act
9 (RLIN) 20861
700 1# - ADDED ENTRY--PERSONAL NAME
Personal name Caplan, Lizzy,
Dates associated with a name 1982-
Relator code act
9 (RLIN) 71231
700 1# - ADDED ENTRY--PERSONAL NAME
Personal name Williams, Treat.
Relator code act
9 (RLIN) 63432
700 1# - ADDED ENTRY--PERSONAL NAME
Personal name Ralston, Aron.
Title of a work Between a rock and a hard place.
9 (RLIN) 5861313
710 2# - ADDED ENTRY--CORPORATE NAME
Corporate name or jurisdiction name as entry element Fox Searchlight Pictures.
9 (RLIN) 62993
710 2# - ADDED ENTRY--CORPORATE NAME
Corporate name or jurisdiction name as entry element Pathé Productions.
9 (RLIN) 74322
710 2# - ADDED ENTRY--CORPORATE NAME
Corporate name or jurisdiction name as entry element Everest Entertainment (Firm)
9 (RLIN) 6219338
710 2# - ADDED ENTRY--CORPORATE NAME
Corporate name or jurisdiction name as entry element Cloud Eight Films.
9 (RLIN) 5898563
710 2# - ADDED ENTRY--CORPORATE NAME
Corporate name or jurisdiction name as entry element Decibel Films.
9 (RLIN) 6219339
710 2# - ADDED ENTRY--CORPORATE NAME
Corporate name or jurisdiction name as entry element Darlow Smithson Productions.
9 (RLIN) 5752360
710 2# - ADDED ENTRY--CORPORATE NAME
Corporate name or jurisdiction name as entry element Twentieth Century Fox Home Entertainment, Inc.
9 (RLIN) 61951
740 0# - ADDED ENTRY--UNCONTROLLED RELATED/ANALYTICAL TITLE
Uncontrolled related/analytical title Between a rock and a hard place.
942 ## - ADDED ENTRY ELEMENTS (KOHA)
Koha item type DVD
994 ## -
-- C0
-- UINTA
998 ## - LOCAL CONTROL INFORMATION (RLIN)
-- a141888
Holdings
Withdrawn status Lost status Source of classification or shelving scheme Damaged status Not for loan Collection code Home library Current library Shelving location Date acquired Source of acquisition Cost, normal purchase price Total Checkouts Total Renewals Full call number Barcode Date last seen Date checked out Cost, replacement price Price effective from Koha item type
    Dewey Decimal Classification     Movies Wasatch County Library Wasatch County Library Audio Visual Area 10/11/2019 Donation 9.99 14 18 DVD 127 34301001597485 12/08/2025 11/17/2025 9.99 03/20/2020 DVD
This project was made possible through a grant from the Institute of Museum and Library Service administered by the Utah State Library Division.

Wasatch County Library

  • 465 East 1200 South, Heber City, Utah 84032
  • Phone 435-654-1511 | Fax 435-654-6456

Hours

  • Monday - Friday 9:30 AM - 8:00 PM
  • Saturday 9:30 AM - 1:30 PM
  • Closed Sundays and Holidays